|
|
|
|
| LEADER |
00000nab a2200000 a 4500 |
| 001 |
vtls009149894 |
| 003 |
SK-MaSNL |
| 005 |
20260303203713.0 |
| 008 |
180907c20070914xo ur| 0 0slo |
| 038 |
|
|
|a RVGKPD
|
| 040 |
|
|
|a RVGKPD
|b slo
|c RVGKPD
|e AACR2
|
| 041 |
|
|
|a slo
|
| 044 |
|
|
|a xo
|c SK
|
| 080 |
|
|
|a 797.11
|2 1997
|
| 245 |
0 |
0 |
|a Na Štrbské pleso chcú vrátiť člnkovanie
|c [autor] (rf)
|
| 300 |
|
|
|b Fotogr.
|
| 650 |
0 |
7 |
|a člnkovanie
|2 rvgkpd
|9 1236490
|
| 651 |
|
7 |
|a Vysoké Tatry (Poľsko a Slovensko : pohorie)
|2 SNKPHgeo
|9 67729
|
| 651 |
|
7 |
|a Štrbské Pleso (Štrba, Slovensko)
|2 rvgkpd
|9 174790
|
| 773 |
0 |
|
|t Pravda
|g Roč. XVII, č. 212 (14.9.2007), s. 6
|x 1335-4051
|
| 852 |
|
|
|a RVGKPD
|b KIS3G
|
| 992 |
|
|
|a RBX
|
| 999 |
|
|
|c 2186752
|d 2188682
|